| 000 | 00000nam##2200000za#4500 |
| 001 | 9.697772 |
| 003 | CaOODSP |
| 005 | 20210624235629 |
| 007 | cr ||||||||||| |
| 008 | 150407|1996||||xxc|||||o f|0| 0 eng|d |
| 040 | |aCaOODSP|beng |
| 043 | |an-cn--- |
| 086 | 1 |aRH64-31/1996E-PDF |
| 110 | 1 |aCanada.|bHuman Resources Development Canada. |bStrategic Policy. |
| 245 | 10|aInterim impact and interim cost-benefit / cost-effectiveness evaluation : |h[electronic resource]|bfinal report / |c[by] Evaluation and Data Development. |
| 260 | |aOttawa - Ontario : |bHuman Resources Development Canada. |cNovember 1996. |
| 300 | |a78p.|btables |
| 590 | |a13-12-Supp|b2013-05-10 |
| 690 | 07|aProgram assessment|2gcpds |
| 775 | 08|tÉvaluation provisoire de l'impact et des rapports coût-bénéfice et coût-efficacité : |w(CaOODSP)9.641818 |
| 856 | 40|ahttp://publications.gc.ca|qPDF|s229 KB|uhttps://publications.gc.ca/collections/collection_2013/rhdcc-hrsdc/RH64-31-1996-eng.pdf |
| 986 | |aSP-AH024E-12-96 |